Симфония № 6 си минор (Запись № 13449477)

Подробности
000 -МАРКЕР
контрольное поле 02375njm0a2200445 4500
001 - ИДЕНТИФИКАТОР ЗАПИСИ
контрольное поле RU\NLR\ONIZ\307696
005 - ИДЕНТИФИКАТОР ВЕРСИИ
контрольное поле 20250715170216.0
035 ## - ДРУГИЕ СИСТЕМНЫЕ НОМЕРА
Идентификатор записи (NLR Aleph) 022579826
071 00 - ИЗДАТЕЛЬСКИЙ НОМЕР
Номер, присвоенный агентством С10-18369-70
100 ## - ДАННЫЕ ОБЩЕЙ ОБРАБОТКИ
Данные общей обработки 20230828d1983 |||y0rusy50 ca
102 ## - СТРАНА ПУБЛИКАЦИИ ИЛИ ПРОИЗВОДСТВА
Страна публикации российская федерация
126 ## - ПОЛЕ КОДИРОВАННЫХ ДАННЫХ: ЗВУКОЗАПИСИ - ФИЗИЧЕСКИЕ ХАРАКТЕРИСТИКИ
Кодированные данные звукозаписи (общие) abbxexu ux
Кодированные данные звукозаписи (уточнения) xxx
127 ## - ПОЛЕ КОДИРОВАННЫХ ДАННЫХ: ПРОДОЛЖИТЕЛЬНОСТЬ ЗВУКОЗАПИСЕЙ И НОТНЫХ ИЗДАНИЙ (МУЗЫКАЛЬНОЕ ИСПОЛНЕНИЕ)
Продолжительность 004826
128 ## - ПОЛЕ КОДИРОВАННЫХ ДАННЫХ: МУЗЫКАЛЬНАЯ ФОРМА, ТОНАЛЬНОСТЬ И ЛАД
Музыкальная форма si
Тональность или лад музыкального произведения bm
145 0# - ПОЛЕ КОДИРОВАННЫХ ДАННЫХ: СРЕДСТВО ИСПОЛНЕНИЯ МУЗЫКАЛЬНОГО ПРОИЗВЕДЕНИЯ (УСТАРЕВШЕЕ)
Тип средства исполнения b
200 1# - ЗАГЛАВИЕ И СВЕДЕНИЯ ОБ ОТВЕТСТВЕННОСТИ
Основное заглавие Симфония № 6 си минор
Общее обозначение материала Звукозапись
Сведения, относящиеся к заглавию "Патетическая"
-- соч. 74
Первые сведения об ответственности П. Чайковский
Последующие сведения об ответственности исполняет: Большой симфонический оркестр Центрального телевидения и Всесоюзного радио, дирижер Вячеслав Овчинников
203 ## - ВИД СОДЕРЖАНИЯ И ТИП СРЕДСТВА
Вид содержания Музыка
Дополнительные сведения об издании исполнительская
Тип средства аудио
210 ## - ПУБЛИКАЦИЯ, РАСПРОСТРАНЕНИЕ И ДР.
Место издания, распространения и т.д. Москва
Имя издателя, распространителя и т. д. Мелодия
Имя изготовителя Опытный завод "Грамзапись"
Место изготовления Москва
Дата издания, распространения и т.д. 1983
215 ## - ФИЗИЧЕСКАЯ ХАРАКТЕРИСТИКА
Специфическое обозначение материала и объем 1 грп. [ГОСТ 5289-80] (ок. 49 мин) : 33 об/мин, стерео
Размеры 30 см, в конв.
300 ## - ОБЩИЕ ПРИМЕЧАНИЯ
Текст примечания Запись 1982 г.
300 ## - ОБЩИЕ ПРИМЕЧАНИЯ
Текст примечания Коммент. на конв. парал. рус. англ.
606 1# - НАИМЕНОВАНИЕ ТЕМЫ КАК ПРЕДМЕТ
Наименование темы Композиторы русские
Хронологический подзаголовок 19 век
Формальный подзаголовок Звукозапись
Код системы nlr_sh
606 1# - НАИМЕНОВАНИЕ ТЕМЫ КАК ПРЕДМЕТ
Наименование темы Симфонии русских композиторов
Хронологический подзаголовок 19 век
Формальный подзаголовок Звукозапись
Код системы nlr_sh
606 1# - НАИМЕНОВАНИЕ ТЕМЫ КАК ПРЕДМЕТ
Наименование темы Дирижёры советские и российские
Хронологический подзаголовок 20-21 вв.
Формальный подзаголовок Звукозапись
Код системы nlr_sh
-- ca
606 1# - НАИМЕНОВАНИЕ ТЕМЫ КАК ПРЕДМЕТ
Наименование темы Оркестры симфонические советские
Хронологический подзаголовок 20 век
Формальный подзаголовок Звукозапись
Код системы nlr_sh
686 0# - ИНДЕКСЫ ДРУГИХ КЛАССИФИКАЦИЙ
Индекс Щ951.1-040(28)
700 #1 - ИМЯ ЛИЦА - ПЕРВИЧНАЯ ОТВЕТСТВЕННОСТЬ
Системный номер авторитетной/нормативной записи z01790
Начальный элемент ввода Чайковский
Часть имени, кроме начального элемента ввода П. И.
Даты 1840 - 1893
Расширение инициалов личного имени Петр Ильич
Код отношения Композитор
Графика поля Кириллица
702 #1 - ИМЯ ЛИЦА - ВТОРИЧНАЯ ОТВЕТСТВЕННОСТЬ
Системный номер авторитетной/нормативной записи z01790
Начальный элемент ввода Овчинников
Часть имени, кроме начального элемента ввода В. А.
Дополнения к именам, кроме дат композитор
Даты 1936-2019
Расширение инициалов личного имени Вячеслав Александрович
Код отношения Дирижер, Руководитель оркестра
Графика поля Кириллица
712 02 - НАИМЕНОВАНИЕ ОРГАНИЗАЦИИ - ВТОРИЧНАЯ ОТВЕТСТВЕННОСТЬ
Начальный элемент ввода Большой симфонический оркестр ЦТ и ВР
Код отношения Исполнитель
Графика поля Латинская
790 #1 - ИМЯ ЛИЦА - АЛЬТЕРНАТИВНАЯ ФОРМА
Системный номер авторитетной/нормативной записи z01700
Начальный элемент ввода Čajkovskij
Часть имени, кроме начального элемента ввода P.
Даты 1840 - 1893
Расширение инициалов личного имени Peter
Код отношения Композитор
Графика поля Латинская
790 #1 - ИМЯ ЛИЦА - АЛЬТЕРНАТИВНАЯ ФОРМА
Системный номер авторитетной/нормативной записи z01702
Начальный элемент ввода Ovčinnikov
Часть имени, кроме начального элемента ввода V. A.
Даты 1936-2019
Расширение инициалов личного имени Vjačeslav Aleksandrovič
Код отношения Дирижер, Руководитель оркестра
Графика поля Латинская
801 #0 - ИСТОЧНИК ЗАПИСИ
Страна российская федерация
Организация NLR
Дата составления 20230828
Правила каталогизации PSBO
801 #1 - ИСТОЧНИК ЗАПИСИ
Страна российская федерация
Организация NLR
Дата составления 20230828
Источник данных rusmarc
801 #2 - ИСТОЧНИК ЗАПИСИ
Страна российская федерация
Организация NLR
Дата составления 20250630
852 ## - МЕСТОНАХОЖДЕНИЕ И ШИФР ХРАНЕНИЯ
Идентификатор организации NLR
Наименование фонда или коллекции (Sub-Location Identifier) Мг
Шифр хранения (Call Number) 3/10327
Страна
Номер экземпляра 1
942 ## - ДОПОЛНИТЕЛЬНЫЕ ЭЛЕМЕНТЫ ЗАПИСИ (АБИС)
Тип экземпляра АБИС Звукозапись
980 ## - КОЛЛЕКЦИЯ
Название коллекции Национальная библиография
980 ## - КОЛЛЕКЦИЯ
Название коллекции Отдел нот и звукозаписей

Нет доступных экземпляров.